| 000 | 00521cam a2200205ua 4500 | ||
|---|---|---|---|
| 001 | 11377 | ||
| 005 | 20260515114739.0 | ||
| 008 | 190916n ii |||gr||||Z||||||eng | ||
| 020 | _a9789386664020 | ||
| 040 | _cMAIN | ||
| 041 | _aeng | ||
| 082 | _a361.3 | ||
| 100 |
_aManoj Jaiman, _eAuthor. |
||
| 245 |
_aIntroduction to social work _cBy Manoj Jaiman |
||
| 250 | _a1st ed. | ||
| 260 |
_aJaipur: _bDND publications, _c2018. |
||
| 300 | _a274p. | ||
| 653 | _aSocial problems & social welfare in general | ||
| 942 | _cBK | ||
| 999 |
_c10208 _d10208 |
||